Statistics for Countries with the Shortest Coastline

Click here to take the quiz!

General Stats

  • This quiz has been taken 48 times
    (29 since last reset)
  • The average score is 6 of 11

Answer Stats

Km Country with a very short shoreline % Correct
4.1Monaco
85%
20Bosnia and Herzegovina
80%
37Democratic Republic of the Congo
60%
46.6Slovenia
60%
80Gambia
55%
30Nauru
45%
56Togo
45%
24Tuvalu
40%
26Jordan
40%
66.5Belgium
35%
58Iraq
25%

Score Distribution

Percentile by Number Answered

Percent of People with Each Score

Your Score History

You have not taken this quiz since the last reset